00571cam a22001331 4500082001500000100002500015245009900040260004400139300007400183526003700257942001200294999001900306952011200325 a956.7bMai1 aMain, Ernest,94994100aIraq from mandate to independence,cby Ernest Main, with a foreword by Lord Lloyd of Dolobran. aLondon,bG. Allen & Unwin ltd.c[c1935] a2 p. 1., 3-267 [1] p.bplates, 2 port. (incl. front.) 2 maps.c24 cm. a0b0c0d956_700000000000000_MAI 2ddccBK c552681d552681 00102ddc4070aMCEbMCEcArchive Sectiond2015-01-20l0o956.7 MaipMCE-EC1.6r2015-01-20w2021-03-14yBK